[Event "IECG TE.2005.P.01929"]
[Site "IECG email"]
[Date "2005.06.19"]
[Round "?"]
[White "Mumford, Peter"]
[Black "O'Brien, Glenn"]
[Result "0-1"]
[WhiteElo "726"]
[BlackElo "800"]
[PlyCount "22"]
[EventDate "2005.06.19"]
[EventType "tourn (corr)"]
[EventRounds "8"]
[SourceTitle "Corr 2024"]
[Source "ChessBase"]
[SourceDate "2023.10.19"]
[SourceVersion "1"]
[SourceVersionDate "2023.10.19"]
[SourceQuality "1"]

1. d4 d5 2. e4 dxe4 3. Nc3 c6 4. Bc4 Nf6 5. f3 b5 6. Bb3 e6 7. a3 c5 8. Nxb5 Nc6 9. Bf4 Qa5+ 10. Nc3 cxd4 11. Nge2 dxc3 0-1

[Event "IECG QN.2003.0.00303 email "]
[Site "IECG email"]
[Date "2003.12.10"]
[Round "?"]
[White "Mumford, Peter"]
[Black "Arteaga M, Rafael"]
[Result "0-1"]
[WhiteElo "734"]
[BlackElo "800"]
[PlyCount "44"]
[EventDate "2003.12.10"]
[EventType "tourn (corr)"]
[EventRounds "6"]
[SourceTitle "Corr 2008"]
[Source "ChessBase"]
[SourceDate "2008.06.24"]
[SourceVersion "1"]
[SourceVersionDate "2008.06.24"]
[SourceQuality "1"]

1. e4 e5 2. Nf3 Nc6 3. Bc4 Bc5 4. 0-0 Nf6 5. d3 0-0 6. a3 d6 7. Bd2 Be6 8. Bxe6 fxe6 9. Nc3 Bd4 10. Kh1 a6 11. Ng5 Qe7 12. Rb1 h6 13. Nh3 Qf7 14. Ne2 Bb6 15. f4 exf4 16. Nexf4 Ne5 17. Nh5 Qxh5 18. Qxh5 Nxh5 19. Nf4 Nxf4 20. Bxf4 Ng4 21. g3 Rf7 22. Rf3 g5 0-1

[Event "IECG QN.2003.0.00303 email "]
[Site "IECG email"]
[Date "2003.12.10"]
[Round "?"]
[White "Mumford, Peter"]
[Black "Tobey, Al E"]
[Result "1-0"]
[WhiteElo "734"]
[BlackElo "642"]
[PlyCount "77"]
[EventDate "2003.12.10"]
[EventType "tourn (corr)"]
[EventRounds "6"]
[SourceTitle "Corr 2008"]
[Source "ChessBase"]
[SourceDate "2008.06.24"]
[SourceVersion "1"]
[SourceVersionDate "2008.06.24"]
[SourceQuality "1"]

1. e4 e5 2. Nf3 d6 3. d4 Bg4 4. d5 Nf6 5. h3 Bd7 6. c4 Nxe4 7. Bd3 Nf6 8. 0-0 Be7 9. Nc3 0-0 10. Ne4 Nxe4 11. Bxe4 f5 12. Bc2 f4 13. Qd3 Bf5 14. Qb3 b6 15. Bxf5 Rxf5 16. Qd3 g6 17. g4 fxg3 18. fxg3 Nd7 19. Be3 a5 20. a4 Rf7 21. h4 Bf6 22. Ng5 Re7 23. Ne4 Rf7 24. Rf2 Qe7 25. Raf1 Raf8 26. Kg2 Nc5 27. Bxc5 bxc5 28. Kh3 h6 29. Qd2 Bg7 30. b3 Qd7+ 31. g4 c6 32. Qxa5 cxd5 33. Rxf7 Rxf7 34. Qa8+ Kh7 35. Rxf7 Qxf7 36. Qxd5 Qf3+ 37. Ng3 Qxb3 38. a5 Qb5 39. cxb5 1-0

[Event "IECG QN.2003.0.00303 email "]
[Site "IECG email"]
[Date "2003.12.10"]
[Round "?"]
[White "Tobey, Al E"]
[Black "Mumford, Peter"]
[Result "0-1"]
[WhiteElo "642"]
[BlackElo "734"]
[PlyCount "57"]
[EventDate "2003.12.10"]
[EventType "tourn (corr)"]
[EventRounds "6"]
[SourceTitle "Corr 2008"]
[Source "ChessBase"]
[SourceDate "2008.06.24"]
[SourceVersion "1"]
[SourceVersionDate "2008.06.24"]
[SourceQuality "1"]

1. e4 e5 2. Nf3 Nc6 3. d3 f5 4. exf5 Nf6 5. Bg5 d5 6. Be2 Bxf5 7. 0-0 d4 8. c3 Bc5 9. Nbd2 0-0 10. Ne4 Bxe4 11. dxe4 Qd6 12. Qb3+ Kh8 13. Bd3 a6 14. Rfd1 b5 15. h3 Na5 16. Qc2 Nc6 17. c4 Nb4 18. Qe2 Nxd3 19. Rxd3 bxc4 20. Rdd1 d3 21. Qe1 Nh5 22. Be3 Bb6 23. Nd2 Qb4 24. b3 c3 25. Nc4 Nf4 26. Bxb6 cxb6 27. Nxe5 Rad8 28. f3 Qd4+ 29. Kf1 0-1

[Event "IECC M email"]
[Site "IECC email"]
[Date "2002.10.30"]
[Round "?"]
[White "Mumford, Peter"]
[Black "Christensen, Del"]
[Result "0-1"]
[WhiteElo "839"]
[BlackElo "932"]
[PlyCount "56"]
[EventDate "2002.??.??"]
[EventType "tourn (corr)"]
[EventRounds "6"]
[SourceTitle "Corr 2008"]
[Source "ChessBase"]
[SourceDate "2008.06.24"]
[SourceVersion "1"]
[SourceVersionDate "2008.06.24"]
[SourceQuality "1"]

1. d4 Nf6 2. c4 e6 3. Nc3 c6 4. e3 Bb4 5. Bd2 0-0 6. Bd3 Re8 7. e4 d5 8. cxd5 exd5 9. e5 Bg4 10. Nge2 Ne4 11. Nxe4 dxe4 12. Bxb4 Bxe2 13. Qxe2 Qxd4 14. 0-0 exd3 15. Qd2 Na6 16. Bc3 Qd5 17. f4 Nc5 18. b3 Ne4 19. Qb2 Rad8 20. Rad1 b5 21. e6 Rxe6 22. Bxg7 f6 23. f5 Red6 24. Bh6 Qc5+ 25. Kh1 d2 26. Rf4 Nf2+ 27. Rxf2 Qxf2 28. Bxd2 Rxd2 0-1

[Event "IECG QN.2002.0.00243"]
[Site "IECG email"]
[Date "2002.10.30"]
[Round "?"]
[White "Mumford, Peter"]
[Black "Venturas, Bob"]
[Result "1-0"]
[WhiteElo "734"]
[BlackElo "713"]
[PlyCount "51"]
[EventDate "2002.10.30"]
[EventType "tourn (corr)"]
[EventRounds "6"]
[SourceTitle "Corr 2008"]
[Source "ChessBase"]
[SourceDate "2008.06.24"]
[SourceVersion "1"]
[SourceVersionDate "2008.06.24"]
[SourceQuality "1"]

1. d4 d5 2. c4 dxc4 3. Nc3 e6 4. e4 Nc6 5. Bxc4 Nxd4 6. Nf3 Nxf3+ 7. Qxf3 Qd4 8. Qd3 Bc5 9. Qxd4 Bxd4 10. Nb5 Be5 11. 0-0 a6 12. f4 Bd6 13. Nxd6+ cxd6 14. b3 Nf6 15. Re1 0-0 16. e5 dxe5 17. Rxe5 Rd8 18. Bb2 Rd2 19. Bc3 Rd8 20. g4 Nxg4 21. Rg5 Ne3 22. Rxg7+ Kf8 23. Be2 Rd7 24. Kf2 Nf5 25. Rxh7 Kg8 26. Rh8# 1-0

[Event "IECG QN.2002.0.00230"]
[Site "IECG email"]
[Date "2002.07.04"]
[Round "?"]
[White "Tabor, James"]
[Black "Mumford, Peter"]
[Result "0-1"]
[WhiteElo "800"]
[BlackElo "800"]
[PlyCount "38"]
[EventDate "2002.07.04"]
[EventType "tourn (corr)"]
[EventRounds "6"]
[SourceTitle "Corr 2008"]
[Source "ChessBase"]
[SourceDate "2008.06.24"]
[SourceVersion "1"]
[SourceVersionDate "2008.06.24"]
[SourceQuality "1"]

1. e4 e5 2. Bc4 Nf6 3. d3 d5 4. exd5 Nxd5 5. Bxd5 Qxd5 6. Nf3 Nc6 7. Nc3 Qe6 8. 0-0 Bd6 9. Re1 Bc5 10. h3 f6 11. Nb5 Qf7 12. a3 0-0 13. b4 Bb6 14. Be3 Rd8 15. c4 Bxe3 16. Rxe3 a6 17. Nc3 b6 18. Re4 Bf5 19. Rh4 Rxd3 0-1

[Event "IECG QN.2001.0.00201"]
[Site "IECG email"]
[Date "2001.11.14"]
[Round "?"]
[White "Mumford, Peter"]
[Black "Silemin, Sergej"]
[Result "0-1"]
[WhiteElo "800"]
[BlackElo "800"]
[PlyCount "26"]
[EventDate "2001.11.14"]
[EventType "tourn (corr)"]
[EventRounds "6"]
[SourceTitle "Corr 2008"]
[Source "ChessBase"]
[SourceDate "2008.06.24"]
[SourceVersion "1"]
[SourceVersionDate "2008.06.24"]
[SourceQuality "1"]

1. d4 d5 2. c4 dxc4 3. Nc3 a6 4. e4 b5 5. e5 e6 6. h4 Bb7 7. Nf3 Nc6 8. a3 Nge7 9. g4 Nxd4 10. Bg2 Nxf3+ 11. Bxf3 Qxd1+ 12. Bxd1 Bxh1 13. f3 Ng6 0-1